00628 2200229 4500001002100000005001500021035002000036007000300056008004100059020001800100082001500118084002100133245006100154260003400215110002600249856002800275300002700303650001400330650001900344650001300363990002200376INLIS00000000000639420231120031635 a0010-0123000048ta231120 0 ind  a979-598-993-6 a331.4(594) a331.4(594) BAD s1 aStatistik Harga Konsumen Pedesaan di Indonesia 1995-2001 aJakarta :bBPS Jakarta,c20020 aBADAN PUSAT STATISTIK aPerpustakaan BSIP Jatim a408p. :bilus ;c28 cm 4aStatistik 4aHarga konsumen 4aPedesaan a49/BSIPJATIM/2023